<?xml version="1.0" encoding="UTF-8"?>
<collection xmlns="http://www.loc.gov/MARC21/slim">
<record>
  <controlfield tag="001">6790</controlfield>
  <controlfield tag="005">20240208145006.0</controlfield>
  <datafield tag="024" ind1="7" ind2=" ">
    <subfield code="a">10.24414/nc7j-b391</subfield>
    <subfield code="2">DOI</subfield>
  </datafield>
  <datafield tag="037" ind1=" " ind2=" ">
    <subfield code="a">DATASET-2024-0024</subfield>
  </datafield>
  <datafield tag="100" ind1=" " ind2=" ">
    <subfield code="a">Bechet, Sabrina</subfield>
  </datafield>
  <datafield tag="245" ind1=" " ind2=" ">
    <subfield code="a">USET whole-disk images - L1 centered</subfield>
  </datafield>
  <datafield tag="260" ind1=" " ind2=" ">
    <subfield code="c">2024</subfield>
  </datafield>
  <datafield tag="520" ind1=" " ind2=" ">
    <subfield code="a">The USET station hosts since 2002 three modern telescopes equipped with digital cameras recording full-disk images of the Sun in three different parts of the visible-light spectrum: broad-band white-light to observer the photosphere, and two telescopes with narrow-band filters (H-alpha line at 656.3 nm and Ca II K line at 393.37 nm) to monitor the chromosphere, where solar eruptive phenomena can be detected. The images have been recentered (less than 1 pixel precision), information about coordinate system was added in the header, so that data can be further processed with existing solar libraries and softwares. The image file format is FITS. The FITS header has been made homogeneous throughout the dataset and complies with the SOLARNET recommendations.</subfield>
  </datafield>
  <datafield tag="594" ind1=" " ind2=" ">
    <subfield code="a">STCE</subfield>
  </datafield>
  <datafield tag="653" ind1="1" ind2=" ">
    <subfield code="a">USET</subfield>
  </datafield>
  <datafield tag="653" ind1="1" ind2=" ">
    <subfield code="a">Sunspot</subfield>
  </datafield>
  <datafield tag="653" ind1="1" ind2=" ">
    <subfield code="a">Photosphere</subfield>
  </datafield>
  <datafield tag="653" ind1="1" ind2=" ">
    <subfield code="a">Chromosphere</subfield>
  </datafield>
  <datafield tag="700" ind1=" " ind2=" ">
    <subfield code="a">Clette, Frédéric</subfield>
  </datafield>
  <datafield tag="856" ind1="0" ind2=" ">
    <subfield code="f">sabrina.bechet@ksb-orb.be</subfield>
  </datafield>
  <datafield tag="856" ind1="4" ind2="2">
    <subfield code="a">https://www.sidc.be/uset/data/cameras/output_img/FTS/L0/</subfield>
  </datafield>
  <datafield tag="980" ind1=" " ind2=" ">
    <subfield code="a">DATASET</subfield>
  </datafield>
</record>
</collection>